[Event "Muscat-ch op"]
[Site "Muscat"]
[Date "2024.12.28"]
[Round "5"]
[White "Al Aisaee, Anat"]
[Black "Shlaga, Jaefer"]
[Result "0-1"]
[WhiteElo "1608"]
[BlackElo "1870"]
[PlyCount "94"]
[EventDate "2024.12.26"]
[EventType "swiss"]
[EventRounds "9"]
[EventCountry "OMN"]
[SourceTitle "CB01_2025"]
[SourceDate "2025.01.01"]
[SourceVersion "1"]
[SourceVersionDate "2025.01.01"]
[SourceQuality "1"]

1. e4 c6 2. Nc3 e6 3. d4 d5 4. Nf3 Ne7 5. Bd3 Ng6 6. e5 Be7 7. Be3 a6 8. a4 Nd7 9. h4 c5 10. h5 Ngf8 11. g4 cxd4 12. Bxd4 h6 13. Ne2 Nc5 14. Ng3 Nxd3+ 15. Qxd3 Nh7 16. a5 Bd7 17. Qd2 Bb5 18. Ne2 Rc8 19. Nc3 Bg5 20. Nxg5 Nxg5 21. Qe3 Qc7 22. f3 Qc4 23. Kf2 0-0 24. Kg3 Qc6 25. Rhe1 Qd7 26. f4 Rxc3 27. bxc3 Ne4+ 28. Kh2 Qe7 29. Qh3 f6 30. Rxe4 dxe4 31. Re1 Bc6 32. Re2 fxe5 33. Bxe5 Qd7 34. Qe3 Qd8 35. Qc5 Qh4+ 36. Kg1 Rd8 37. Bd4 e3 38. Rxe3 Qxg4+ 39. Kf2 Qxf4+ 40. Ke1 Rd5 41. Qe7 Rg5 42. Qxe6+ Kh7 43. Kd2 Rg1 44. Qh3 Qg5 45. Kd3 Rg4 46. Qf1 Bb5+ 47. c4 Bxc4+ 0-1

[Event "Muscat-ch op"]
[Site "Muscat"]
[Date "2024.12.27"]
[Round "3"]
[White "Wafa, Hamed"]
[Black "Shlaga, Jaefer"]
[Result "1-0"]
[WhiteElo "2359"]
[BlackElo "1870"]
[PlyCount "91"]
[EventDate "2024.12.26"]
[EventType "swiss"]
[EventRounds "9"]
[EventCountry "OMN"]
[SourceTitle "CB01_2025"]
[SourceDate "2025.01.01"]
[SourceVersion "1"]
[SourceVersionDate "2025.01.01"]
[SourceQuality "1"]

1. e4 c5 2. Nf3 d6 3. d4 cxd4 4. Nxd4 Nf6 5. Nc3 a6 6. Bg5 e6 7. f4 Be7 8. Qf3 Qc7 9. 0-0-0 Nc6 10. Nxc6 Qxc6 11. Bd3 Bd7 12. Qg3 0-0-0 13. e5 dxe5 14. fxe5 Nh5 15. Qh4 f6 16. Bd2 Be8 17. g4 g5 18. Qf2 Bc5 19. Be3 Bxe3+ 20. Qxe3 Nf4 21. Be4 Nd5 22. Nxd5 exd5 23. Bf5+ Kb8 24. e6 h5 25. Qd4 Rh6 26. h3 b5 27. Rhe1 hxg4 28. hxg4 Qc7 29. Rd3 Rd6 30. Red1 Kb7 31. Rc3 Bc6 32. Re1 Qe7 33. Rd3 Rd8 34. b4 Rh2 35. Ree3 Rh4 36. Ra3 Ra8 37. Rec3 Rhh8 38. Rxc6 Kxc6 39. Rc3+ Kb7 40. Qxd5+ Kb8 41. Be4 Ra7 42. Rc6 Qxb4 43. Rb6+ Kc8 44. Qc6+ Kd8 45. e7+ Kxe7 46. Qxf6+ 1-0

[Event "Muscat-ch op"]
[Site "Muscat"]
[Date "2024.12.26"]
[Round "1"]
[White "Al Harrasi, Omar"]
[Black "Shlaga, Jaefer"]
[Result "0-1"]
[WhiteElo "1439"]
[BlackElo "1870"]
[PlyCount "80"]
[EventDate "2024.12.26"]
[EventType "swiss"]
[EventRounds "9"]
[EventCountry "OMN"]
[SourceTitle "CB01_2025"]
[SourceDate "2025.01.01"]
[SourceVersion "1"]
[SourceVersionDate "2025.01.01"]
[SourceQuality "1"]

1. e4 c5 2. Nf3 Nc6 3. d4 cxd4 4. Nxd4 Nf6 5. Nc3 e6 6. Nxc6 bxc6 7. e5 Nd5 8. Nxd5 cxd5 9. a3 Bb7 10. Bd3 Qc7 11. Qe2 Rc8 12. 0-0 d6 13. Bf4 Bc6 14. Rfe1 Be7 15. b4 dxe5 16. Bxe5 Bd6 17. Bxg7 Bxh2+ 18. Kh1 Rg8 19. Be5 Bxe5 20. Qxe5 Qe7 21. Bxh7 Qh4+ 22. Qh2 Qxh2+ 23. Kxh2 Rh8 24. Re3 Rxh7+ 25. Kg1 Ke7 26. f3 Rg8 27. Rd1 Rgh8 28. Kf2 Rh2 29. Kg3 Rh1 30. Rxh1 Rxh1 31. f4 Kd6 32. Kg4 Rh8 33. Rd3 Bb5 34. Rd2 Rc8 35. f5 Rg8+ 36. Kf4 e5+ 37. Ke3 Rg4 38. Rf2 f6 39. c3 Rg3+ 40. Kd2 e4 0-1

[Event "IRQ-chT 29th"]
[Site "Baghdad"]
[Date "2017.03.24"]
[Round "9"]
[White "Gagunashvili, Merab"]
[Black "Shlaga, Jaefer"]
[Result "1-0"]
[WhiteElo "2567"]
[BlackElo "1949"]
[PlyCount "47"]
[EventDate "2017.03.09"]
[EventType "team-match"]
[EventRounds "11"]
[EventCountry "IRQ"]
[SourceTitle "CBM 177 Extra"]
[Source "ChessBase"]
[SourceDate "2017.04.27"]
[SourceVersion "1"]
[SourceVersionDate "2017.04.27"]
[SourceQuality "1"]
[WhiteTeam "Etisalat"]
[BlackTeam "Al Qethara"]
[WhiteTeamCountry "IRQ"]
[BlackTeamCountry "IRQ"]

1. e4 d6 2. d4 b6 3. Nc3 Bb7 4. f4 e6 5. Nf3 Nd7 6. Bd3 a6 7. 0-0 Be7 8. Qe1 Ngf6 9. e5 Nd5 10. Ne4 b5 11. Bd2 0-0 12. Qg3 f5 13. exf6 N7xf6 14. Neg5 Bc8 15. Rae1 c5 16. c3 Nc7 17. dxc5 dxc5 18. Bc2 Qe8 19. Ne5 Bb7 20. Qh3 g6 21. Nxh7 Qd8 22. Bxg6 Ncd5 23. Ng5 c4 24. Bh7+ 1-0

[Event "IRQ-chT 29th"]
[Site "Baghdad"]
[Date "2017.03.23"]
[Round "8"]
[White "Shlaga, Jaefer"]
[Black "Barsov, Alexei"]
[Result "0-1"]
[WhiteElo "1949"]
[BlackElo "2441"]
[PlyCount "90"]
[EventDate "2017.03.09"]
[EventType "team-match"]
[EventRounds "11"]
[EventCountry "IRQ"]
[SourceTitle "CBM 177 Extra"]
[Source "ChessBase"]
[SourceDate "2017.04.27"]
[SourceVersion "1"]
[SourceVersionDate "2017.04.27"]
[SourceQuality "1"]
[WhiteTeam "Al Qethara"]
[BlackTeam "Al Kahraba"]
[WhiteTeamCountry "IRQ"]
[BlackTeamCountry "IRQ"]

1. e4 e6 2. d4 d5 3. exd5 exd5 4. Bd3 c5 5. c3 cxd4 6. cxd4 Nc6 7. Be3 Nf6 8. h3 Qb6 9. Qe2 Bb4+ 10. Nc3 0-0 11. Nf3 Qa5 12. Qc2 Bd6 13. Qb3 Nb4 14. Bb1 Qa6 15. Qd1 Re8 16. a3 Kf8 17. Bxh7 Nxh7 18. axb4 Qc4 19. Qc2 Nf6 20. b3 Qc7 21. 0-0 Ne4 22. Rfc1 Qxc3 23. Qxc3 Nxc3 24. Rxc3 Bxb4 25. Rc7 Bd6 26. Rcc1 f6 27. Ra5 Be6 28. Rb5 b6 29. Ne1 Reb8 30. Nd3 a6 31. Bf4 Bxf4 32. Nxf4 axb5 33. Nxe6+ Kf7 34. Nf4 Rc8 35. Rd1 Ra3 36. Nxd5 Rd8 37. Ne3 Rxb3 38. d5 b4 39. Ra1 Rxe3 40. fxe3 Rxd5 41. Rb1 Rb5 42. Rb3 Ke6 43. Kf2 Kd5 44. Ke2 Kc4 45. Rb1 b3 0-1

[Event "IRQ-ch final first Stage"]
[Site "Baghdad"]
[Date "2013.10.09"]
[Round "1"]
[White "Shlaga, Jaefer"]
[Black "Namir, Mohammed Ismael"]
[Result "0-1"]
[WhiteElo "1967"]
[BlackElo "2200"]
[PlyCount "71"]
[EventDate "2013.10.09"]
[EventType "swiss"]
[EventRounds "9"]
[EventCountry "IRQ"]
[SourceTitle "EXT 2018"]
[Source "ChessBase"]
[SourceDate "2017.10.13"]
[SourceVersion "1"]
[SourceVersionDate "2017.10.13"]
[SourceQuality "1"]

1. e4 c5 2. Nf3 Nc6 3. d4 cxd4 4. Nxd4 e5 5. Nb3 Bb4+ 6. c3 Be7 7. Be3 Nf6 8. N1d2 d5 9. exd5 Nxd5 10. Bc5 0-0 11. Bxe7 Qxe7 12. Qf3 Be6 13. Be2 f5 14. Bc4 e4 15. Qd1 Nf4 16. 0-0 Rad8 17. Qc2 Ne5 18. Bxe6+ Nxe6 19. Rae1 Qg5 20. Kh1 Nf4 21. g3 Qh5 22. f3 Nfd3 23. Re3 Qh6 24. Re2 e3 25. Nb1 f4 26. Rg2 Nf2+ 27. Rfxf2 exf2 28. Rxf2 fxg3 29. Rg2 Rxf3 30. Nd4 Rf1+ 31. Rg1 Rxg1+ 32. Kxg1 gxh2+ 33. Kh1 Rf8 34. Nd2 Ng4 35. N2f3 Qh3 36. Qe2 0-1